[Event "Indywidualne Mistrzostwa Polski Juniorow do lat 18 - Chlopcy"]
[Site "Szklarska Poreba"]
[Date "1899-12-30"]
[Round "6.16"]
[White "Majocha, Piotr"]
[Black "Niemier, Hubert"]
[Result "1-0"]
[WhiteTitle "I+"]
[BlackTitle "I"]
[WhiteElo "2028"]
[BlackElo "1801"]

1. Nf3 Nf6 2. c4 b6 3. g3 Bb7 4. Bg2 e6 5. O-O Be7 6. Nc3 O-O 7. Re1 d5 8. cxd5
exd5 9. d4 Nbd7 10. Bf4 c5 11. dxc5 bxc5 12. Ne5 Nxe5 13. Bxe5 Nd7 14. Bf4 Nb6
15. a4 Bf6 16. Qb3 Bxc3 17. bxc3 Bc6 18. a5 Nc4 19. e4 Nxa5 20. Qa2 Nb7 21. exd5
Bd7 22. Reb1 Qc8 23. Qa6 Nd8 24. Qxc8 Rxc8 25. Rxa7 Bf5 26. Re1 Kh8 27. Bd6 Rg8
28. Re5 g6 29. Bf1 1-0

[Event "Indywidualne Mistrzostwa Polski Juniorow do lat 18 - Chlopcy"]
[Site "Szklarska Poreba"]
[Date "1899-12-30"]
[Round "6.17"]
[White "Hrymowicz, Artur"]
[Black "Galuszka, Tomasz"]
[Result "1-0"]
[WhiteTitle "I++"]
[BlackTitle "I++"]
[WhiteElo "1991"]
[BlackElo "2016"]

1. e4 c6 2. d4 d5 3. e5 Bf5 4. Nd2 e6 5. Nb3 Nd7 6. Nf3 Ne7 7. Be2 Nc8 8. a4 Be7
9. a5 a6 10. O-O O-O 11. Be3 Na7 12. Nfd2 c5 13. c4 Nc6 14. cxd5 exd5 15. Nxc5
Bxc5 16. dxc5 d4 17. Bf4 Nxc5 18. Bg3 Nb4 19. Nc4 d3 20. Bf3 Qd4 21. Nd6 Be6 22.
Rc1 Bb3 23. Qd2 Bc2 24. Nf5 Qxb2 25. Rb1 Qa2 26. Rxb4 Ne6 27. Rxb7 Rab8 28. Nd6
Rxb7 29. Bxb7 Nc5 30. Qc3 Nxb7 31. Nxb7 Qd5 32. Nd6 h5 33. Bf4 Rb8 34. Be3 Ba4
35. Qc4 Qxc4 36. Nxc4 Rb5 37. Ra1 Bb3 38. Nd2 Bc2 39. f4 Kf8 40. Kf2 Ke7 41. Nf3
Rb2 42. Bd2 Ke6 43. Ke3 Kd5 44. Nd4 g6 45. Ra3 Rb1 46. Nxc2 dxc2 47. Rc3 Rg1 48.
Kf2 Rd1 49. Rxc2 Ke4 50. Be3 Ra1 51. Rc4+ Kf5 52. Kf3 Rf1+ 53. Bf2 g5 54. Rc6
gxf4 55. Rxa6 Ra1 56. Ke2 Ke4 57. e6 Ra2+ 58. Kf1 Ra1+ 59. Be1 fxe6 60. Rxe6+
Kd5 1-0

[Event "Indywidualne Mistrzostwa Polski Juniorow do lat 18 - Chlopcy"]
[Site "Szklarska Poreba"]
[Date "1899-12-30"]
[Round "6.18"]
[White "Paliwoda, Borys"]
[Black "Kawalko, Adam"]
[Result "1/2-1/2"]
[WhiteTitle "I+"]
[BlackTitle "I+"]
[WhiteElo "1974"]
[BlackElo "1876"]

1. e4 c5 2. Nf3 d6 3. d4 cxd4 4. Nxd4 Nf6 5. f3 a6 6. c4 e6 7. Nc3 Be7 8. Be3 b6
9. Qd2 Bb7 10. Be2 Qc7 11. Rc1 Nbd7 12. O-O O-O 13. Rfd1 Rac8 14. Bf1 Qb8 15.
Qf2 Bd8 16. Nc2 Bc7 17. g3 Rfd8 18. b4 Qa8 19. Na4 Rb8 20. Ne1 Bc6 21. Nc3 Rbc8
22. Rd2 d5 23. cxd5 exd5 24. exd5 Nxd5 25. Bxa6 Qxa6 26. Nxd5 Bxd5 27. Rxd5 Qa8
28. Rd3 Qb8 29. Rdc3 Bd6 30. a3 b5 31. Nd3 Ne5 32. Rxc8 Rxc8 33. Rxc8+ Qxc8 34.
Nxe5 Bxe5 35. Qd2 h6 36. Bc5 Bf6 37. Qd3 Qc6 38. Kg2 Qe8 39. Kf2 Qc6 40. Qd6 Qxd6
41. Bxd6 Bb2 42. Ke3 f5 43. Kd3 Kf7 44. Bf4 Ke6 45. Kc2 Bf6 46. Kb3 Bd4 47. h4
Bf2 48. a4 bxa4+ 49. Kxa4 g5 50. hxg5 hxg5 51. Bb8 Kd7 52. Kb5 Kc8 53. Be5 Kb7
54. Kc4 g4 55. fxg4 fxg4 56. Kd5 Be1 57. Kc5 Bf2+ 58. Kc4 Kc6 59. b5+ Kb7 60.
Kd3 Be1 61. Ke2 Bxg3 1/2-1/2

[Event "Indywidualne Mistrzostwa Polski Juniorow do lat 18 - Chlopcy"]
[Site "Szklarska Poreba"]
[Date "1899-12-30"]
[Round "6.19"]
[White "Kukorowski, Jan"]
[Black "Ochowicz, Jakub"]
[Result "0-1"]
[WhiteTitle "I+"]
[BlackTitle "I++"]
[WhiteElo "1719"]
[BlackElo "1988"]

1. e4 c5 2. Nf3 e6 3. d4 cxd4 4. Nxd4 a6 5. Bd3 Nf6 6. O-O Qc7 7. Qe2 d6 8. c4
Be7 9. Nc3 Nbd7 10. f4 b6 11. Nf3 Nc5 12. Bc2 Bb7 13. e5 Nfd7 14. Re1 Rc8 15.
Nd2 Nf8 16. b3 Ng6 17. Bxg6 hxg6 18. Bb2 dxe5 19. fxe5 Rd8 20. Kh1 Nd3 21. Nd5
Bxd5 22. cxd5 Rxd5 23. Reb1 Qc2 24. Bc1 Nxc1 25. Rxc1 Qxd2 26. Qxa6 O-O 27. Qxb6
Rxe5 28. a4 Bf6 29. Rab1 Re2 30. Qc6 Be5 31. b4 Qf4 0-1

[Event "Indywidualne Mistrzostwa Polski Juniorow do lat 18 - Chlopcy"]
[Site "Szklarska Poreba"]
[Date "1899-12-30"]
[Round "6.20"]
[White "Kaminski, Maciej"]
[Black "Iwanczuk, Krzysztof"]
[Result "0-1"]
[WhiteTitle "I++"]
[BlackTitle "I"]
[WhiteElo "1796"]
[BlackElo "1749"]

1. d4 Nf6 2. c4 g6 3. Nc3 Bg7 4. e4 d6 5. Nf3 O-O 6. Be2 Na6 7. O-O e5 8. d5 Nc5
9. Qc2 a5 10. Be3 b6 11. a3 Ng4 12. Bg5 f6 13. Bh4 g5 14. b4 Na6 15. b5 Nc5 16.
Bg3 f5 17. h3 Nh6 18. Nd2 f4 19. Bh2 g4 20. hxg4 Bxg4 21. f3 Bd7 22. Rfd1 Qh4
23. Nf1 Rf6 24. g3 Qh3 25. Rd2 Nf7 26. Nd1 fxg3 27. Bxg3 Rg6 28. Kf2 Rxg3 29.
Nxg3 Qh2+ 30. Ke1 Qxg3+ 31. Nf2 Bh6 32. Rdd1 Ng5 33. Kf1 Nh3 34. Bd3 Qg1+ 0-1

[Event "Indywidualne Mistrzostwa Polski Juniorow do lat 18 - Chlopcy"]
[Site "Szklarska Poreba"]
[Date "1899-12-30"]
[Round "6.21"]
[White "Marczak, Szymon"]
[Black "Posluszny, Tomasz"]
[Result "1-0"]
[WhiteTitle "I++"]
[BlackTitle "I+"]
[WhiteElo "1931"]
[BlackElo "1906"]

1. Nf3 Nf6 2. c4 e6 3. e3 c5 4. Nc3 Nc6 5. b3 d5 6. cxd5 Nxd5 7. Bb2 a6 8. Be2
Nxc3 9. Bxc3 Qc7 10. O-O e5 11. Qc2 Be7 12. Rac1 Be6 13. d4 cxd4 14. exd4 Nxd4
15. Nxd4 exd4 16. Bxd4 Qxc2 17. Rxc2 Bd5 18. Bc4 Rc8 19. Bb5+ Bc6 20. Bxc6+ Rxc6
21. Rxc6 bxc6 22. Bxg7 Rg8 23. Bd4 Rg5 24. g3 Ra5 25. Re1 Kd7 26. Re2 Rd5 27.
Be3 c5 28. Rd2 Kc6 29. Kf1 Bf6 30. Ke2 Rxd2+ 31. Bxd2 Kd5 32. Kd3 Bd4 33. Be3
Bf6 34. g4 Bh4 35. f4 f6 36. Bd2 Bf2 37. Bc3 Bh4 38. Bb2 Kd6 39. Ke4 Ke6 40. Bc1
Be1 41. Be3 Kd6 42. f5 Bh4 43. Bf4+ Kc6 44. a4 c4 45. bxc4 Kc5 46. Kd3 Kb4 47.
Kd4 Bf2+ 48. Ke4 1-0

[Event "Indywidualne Mistrzostwa Polski Juniorow do lat 18 - Chlopcy"]
[Site "Szklarska Poreba"]
[Date "1899-12-30"]
[Round "6.22"]
[White "Burzak, Wojciech"]
[Black "Goreczny, Tomasz"]
[Result "0-1"]
[WhiteTitle "I"]
[BlackTitle "I"]
[WhiteElo "1666"]
[BlackElo "1784"]

1. e4 e6 2. d4 d5 3. exd5 exd5 4. Nf3 Bd6 5. c4 c6 6. Nc3 Ne7 7. c5 Bc7 8. Bd3
Bf5 9. O-O O-O 10. Bg5 f6 11. Bh4 b5 12. Re1 Bxd3 13. Qxd3 Qd7 14. Bg3 Bxg3 15.
hxg3 Na6 16. a3 Nc7 17. Re2 Ng6 18. Rae1 Rfe8 19. Nd1 Rxe2 20. Rxe2 Re8 21. Rxe8+
Qxe8 22. Ne3 Ne7 23. Nh4 Qd7 24. Nhf5 Nxf5 25. Nxf5 g6 26. Nd6 Ne8 27. Nxe8 Qxe8
28. Kf1 Kf7 29. Qe2 Qxe2+ 30. Kxe2 a5 31. b4 axb4 32. axb4 Ke6 33. Ke3 h5 34.
Kf4 g5+ 35. Kf3 Kf5 36. Ke3 h4 37. gxh4 gxh4 38. Kf3 Kg5 39. Ke3 Kg4 40. Ke2 Kf4
41. Kd3 f5 0-1

[Event "Indywidualne Mistrzostwa Polski Juniorow do lat 18 - Chlopcy"]
[Site "Szklarska Poreba"]
[Date "1899-12-30"]
[Round "7.1"]
[White "Lukasiewicz, Krzysztof"]
[Black "Kosakowski, Jakub"]
[Result "0-1"]
[WhiteTitle "k"]
[BlackTitle "FM"]
[WhiteElo "2155"]
[BlackElo "2389"]

1. d4 Nf6 2. Bf4 g6 3. Nc3 d5 4. e3 c5 5. Nb5 Na6 6. c3 Bg7 7. Be2 O-O 8. h4 h6
9. Nf3 Ne4 10. Ne5 Be6 11. a4 c4 12. b3 cxb3 13. Qxb3 Qa5 14. f3 Nd6 15. Kf2 Rfc8
16. Rhc1 Qd8 17. g4 Nc7 18. Nxc7 Rxc7 19. Bg3 Rac8 20. Qb4 Qe8 21. Bd3 Qd8 22.
Ra3 Bxe5 23. Bxe5 Rc6 24. a5 Qd7 25. Rb3 b6 26. Ba6 Rf8 27. Rcb1 Bxg4 28. Be2
Bf5 29. Rg1 Kh7 30. Qa4 Bc2 31. axb6 Bxb3 32. Qxb3 Rxb6 33. Qc2 Nc4 34. Bf4 Rb2
35. Qc1 Qf5 36. Bxh6 Rfb8 37. h5 Rxe2+ 38. Kxe2 Rb2+ 39. Ke1 Qxf3 0-1

[Event "Indywidualne Mistrzostwa Polski Juniorow do lat 18 - Chlopcy"]
[Site "Szklarska Poreba"]
[Date "1899-12-30"]
[Round "7.2"]
[White "Kozak, Antoni"]
[Black "Oglaza, Oskar"]
[Result "1/2-1/2"]
[WhiteTitle "k"]
[BlackTitle "FM"]
[WhiteElo "2343"]
[BlackElo "2342"]

1. d4 Nf6 2. c4 g6 3. Nc3 d5 4. cxd5 Nxd5 5. e4 Nxc3 6. bxc3 Bg7 7. Nf3 c5 8. Be3
cxd4 9. cxd4 Bg4 10. Rb1 Qa5+ 11. Qd2 Qxd2+ 12. Kxd2 Nc6 13. d5 Na5 14. Bb5+ Bd7
15. Rhc1 b6 16. Rc7 Bxb5 17. Rxb5 O-O 18. Rb1 f5 19. Kd3 fxe4+ 20. Kxe4 Rad8 21.
g4 e6 22. dxe6 Rfe8 23. e7 Rd6 24. Rbc1 Bf6 25. Rxa7 Bxe7 26. Kf4 Nc6 27. Rb7
Nd8 28. Ra7 Nc6 29. Rb7 Nd8 30. Ra7 Nc6 31. Rb7 1/2-1/2

[Event "Indywidualne Mistrzostwa Polski Juniorow do lat 18 - Chlopcy"]
[Site "Szklarska Poreba"]
[Date "1899-12-30"]
[Round "7.3"]
[White "Chylewski, Patryk"]
[Black "Pacan-milej, Kosma"]
[Result "1-0"]
[WhiteTitle "FM"]
[BlackTitle "FM"]
[WhiteElo "2312"]
[BlackElo "2265"]

1. c4 c6 2. d4 d5 3. cxd5 cxd5 4. Bf4 Nf6 5. Nc3 Nc6 6. e3 a6 7. Bd3 Bg4 8. Nge2
e6 9. O-O Be7 10. Rc1 O-O 11. Na4 Nd7 12. Qb3 Nb4 13. Bc7 Qe8 14. Ng3 Nxd3 15.
Qxd3 f6 16. e4 Qg6 17. h3 dxe4 18. Qb3 Bf5 19. Qxb7 Kh8 20. Ba5 e5 21. Rc7 Bd8
22. Qxa8 Bxc7 23. Qxa6 Bb8 24. d5 e3 25. Nxf5 Qxf5 26. Qe6 Qf4 27. Qxd7 e4 28.
g3 exf2+ 29. Rxf2 Qe3 30. d6 Ba7 31. Nb6 Bxb6 32. Bxb6 Qxb6 33. Qe7 Rg8 34. d7
Qd4 35. Kg2 Qd3 36. Rxf6 e3 37. h4 Qd2+ 38. Kh3 e2 39. Rf8 Qxd7+ 40. Qxd7 e1=Q
41. Rxg8+ Kxg8 42. Qd5+ Kf8 43. Qf3+ Kg8 44. a4 Qe6+ 45. Kh2 Qa2 46. Qa8+ Kf7
47. Qb7+ Kf6 48. Qb6+ Kf7 49. a5 Qc4 50. Qb7+ Kg8 51. Qb8+ 1-0

[Event "Indywidualne Mistrzostwa Polski Juniorow do lat 18 - Chlopcy"]
[Site "Szklarska Poreba"]
[Date "1899-12-30"]
[Round "7.4"]
[White "Brozyna, Mateusz"]
[Black "Raczynski, Krzysztof"]
[Result "1-0"]
[WhiteTitle "k"]
[BlackTitle "k+"]
[WhiteElo "2180"]
[BlackElo "2157"]

1. e4 g6 2. d4 Bg7 3. Nc3 d6 4. Nf3 a6 5. a4 b6 6. Be2 Bb7 7. O-O Nd7 8. h3 e6
9. Re1 Ne7 10. Bf1 h6 11. Bf4 g5 12. Bh2 Ng6 13. d5 e5 14. Ne2 h5 15. Nd2 Nf6
16. g3 g4 17. h4 O-O 18. c4 a5 19. Nc3 Bc8 20. Kh1 Bh6 21. Be2 Kg7 22. Ra3 Qe7
23. Rf1 Bd7 24. Bd3 Rae8 25. Qe2 Bc8 26. Nb5 Qd8 27. Bc2 Nd7 28. Na7 Nc5 29. Nxc8
Qxc8 30. Nb3 Nd7 31. Nd2 Nc5 32. Bg1 f5 33. exf5 Ne7 34. f3 Nxf5 35. fxg4 Nd4
36. Bxd4 exd4 37. Rxf8 Kxf8 38. Qf1+ Kg8 39. g5 Bg7 40. Rf3 Re3 41. Bg6 Rxf3 42.
Qxf3 Qf8 43. Qxh5 Qf2 44. Ne4 Nxe4 45. Qh7+ Kf8 46. Bxe4 Be5 47. Qf5+ Qxf5 48.
Bxf5 Bxg3 49. h5 Bf4 50. g6 Kg7 51. Kg2 Bc1 52. b3 Kf6 53. Kf3 Bh6 54. Ke4 d3
55. Bg4 d2 56. Bd1 Bg7 57. Kd4 Bh6 58. Kc3 Ke7 59. b4 axb4+ 60. Kxb4 Kd8 61. Kb5
Bg7 62. Kb4 Ke7 63. Kb3 Kf6 64. Kc3 Bh6 65. Kd4 Bf8 66. Kc3 Bh6 67. Kb4 Ke7 68.
Kb5 Kd8 69. Kc6 Bf8 70. Bg4 Bg7 71. c5 dxc5 72. d6 cxd6 73. Kxb6 c4 74. Kc6 Ke7
75. Kd5 c3 76. Bd1 Bh6 77. a5 Kf6 78. a6 Be3 79. Kxd6 Kg7 80. Kc7 Kh6 81. Kb7
c2 82. Bxc2 Kxh5 83. g7 1-0

[Event "Indywidualne Mistrzostwa Polski Juniorow do lat 18 - Chlopcy"]
[Site "Szklarska Poreba"]
[Date "1899-12-30"]
[Round "7.5"]
[White "Fus, Jakub"]
[Black "Psyk, Radoslaw"]
[Result "1/2-1/2"]
[WhiteTitle "FM"]
[BlackTitle "k++"]
[WhiteElo "2339"]
[BlackElo "2315"]

1. d4 d5 2. c4 e6 3. Nc3 Nf6 4. cxd5 exd5 5. Bg5 Be7 6. e3 c6 7. Bd3 Nbd7 8. Qc2
Nh5 9. Bxe7 Qxe7 10. O-O-O g6 11. Kb1 Nb6 12. Nge2 Ng7 13. Ng3 Be6 14. Rc1 h5
15. h4 O-O-O 16. Na4 Nxa4 17. Qxa4 Kb8 18. Rc3 Rc8 19. Ka1 Rc7 20. Ra3 b6 21.
Rc3 Bd7 22. Qc2 Ne6 23. Ne2 Ka8 24. e4 dxe4 25. Bxe4 Rhc8 26. d5 cxd5 27. Bxd5+
Kb8 28. Qe4 Qf6 29. Rf3 Qg7 30. Re1 Bc6 31. Bxc6 Rxc6 32. Rc3 Rxc3 33. Nxc3 Qf6
34. Qe5+ Qxe5 35. Rxe5 Rd8 36. Kb1 Rd2 37. Re2 Rxe2 38. Nxe2 Kc7 39. Kc2 Nc5 40.
Nc3 a6 41. Kd2 Kd6 42. Ke3 Ke5 43. g3 b5 44. b4 Nd7 45. f4+ Kd6 1/2-1/2

[Event "Indywidualne Mistrzostwa Polski Juniorow do lat 18 - Chlopcy"]
[Site "Szklarska Poreba"]
[Date "1899-12-30"]
[Round "7.6"]
[White "Leskiewicz, Ignacy"]
[Black "Godzwon, Iwo"]
[Result "1/2-1/2"]
[WhiteTitle "I++"]
[BlackTitle "FM"]
[WhiteElo "2192"]
[BlackElo "2322"]

1. e4 c5 2. Nf3 d6 3. d4 cxd4 4. Nxd4 Nf6 5. Nc3 g6 6. Be3 Bg7 7. f3 Nc6 8. Qd2
O-O 9. O-O-O d5 10. Qe1 e5 11. Nxc6 bxc6 12. exd5 Nxd5 13. Bc4 Be6 14. Ne4 Qb8
15. Bc5 Rd8 16. g4 Nf4 17. Bd6 Qc8 18. Qb4 a5 19. Qc5 Bxc4 20. Qxc4 Nd5 21. Qc5
Qe6 22. g5 Rdc8 23. h4 Qf5 24. Qf2 Nf4 25. Kb1 Rd8 26. Qb6 Ne6 27. Qe3 Nd4 28.
h5 Rxd6 29. Nxd6 Qxc2+ 30. Ka1 Qc5 31. Rxd4 Qxd4 32. Qxd4 exd4 33. h6 Be5 34.
Ne4 d3 35. Rd1 Rd8 36. Kb1 f5 37. gxf6 Bf4 38. Nc5 Rd5 39. Nxd3 Bxh6 40. Kc2 Bg5
41. Re1 Bxf6 42. Re6 Rf5 43. Rxc6 h5 44. f4 h4 45. Kd2 h3 46. Rc1 Bd4 47. Rh1
Rh5 48. Ke2 h2 49. Nf2 Bxb2 50. Ng4 Rh4 51. Kf3 Rh3+ 52. Ke4 Ra3 53. Rxh2 Ra4+
54. Kd5 Rxf4 55. Rxb2 Rxg4 56. Rb7 Ra4 57. Ke6 Rxa2 58. Kf6 Rg2 59. Ra7 Rg4 60.
Rxa5 Kh7 61. Ra2 Rh4 62. Kg5 Rh5+ 63. Kg4 Kh6 64. Ra8 Rg5+ 65. Kh4 Re5 66. Ra4
Re1 67. Kg3 Kh5 68. Ra5+ g5 69. Ra8 Re3+ 70. Kg2 Rb3 71. Ra4 Rb2+ 72. Kg3 Rb1
73. Kg2 Rb5 74. Kh3 Rf5 75. Kg3 g4 76. Rxg4 Rg5 77. Rxg5+ Kxg5 1/2-1/2

[Event "Indywidualne Mistrzostwa Polski Juniorow do lat 18 - Chlopcy"]
[Site "Szklarska Poreba"]
[Date "1899-12-30"]
[Round "7.7"]
[White "Kowalski, Igor"]
[Black "Pytel, Maciej"]
[Result "1-0"]
[WhiteTitle "FM"]
[BlackTitle "k"]
[WhiteElo "2308"]
[BlackElo "2165"]

1. d4 Nf6 2. c4 e6 3. Nf3 Bb4+ 4. Nbd2 b6 5. a3 Bxd2+ 6. Qxd2 Ne4 7. Qc2 Bb7 8.
e3 O-O 9. b3 f5 10. Bb2 d6 11. Be2 Nd7 12. O-O Qe7 13. d5 e5 14. b4 c6 15. Rfd1
Ndf6 16. Ne1 g6 17. f3 Ng5 18. dxc6 Bxc6 19. a4 a5 20. Ba3 Nf7 21. c5 axb4 22.
Bxb4 bxc5 23. Bd2 Rfc8 24. Rdb1 d5 25. a5 c4 26. Qb2 Qa7 27. Kf1 Rab8 28. Qa3
Rxb1 29. Rxb1 Ba8 30. Rb4 Qc5 31. Nc2 Nd7 32. Bc3 Nd6 33. Qb2 f4 34. Bxe5 c3 35.
Bxd6 Qxd6 36. Qc1 Qc5 37. Rb5 Qd6 38. exf4 d4 39. Qd1 Qxf4 40. Rb4 Nf6 41. Rxd4
Qb8 42. Qd3 Kg7 43. g3 Qe5 44. a6 Qa5 45. Rd6 Rf8 46. Qd4 Bd5 47. Kg2 Bb3 48.
Bd3 Rf7 49. a7 Rf8 50. Ra6 Qd5 51. a8=Q Rxa8 52. Qxf6+ Kg8 53. Rxa8+ Qxa8 54.
Qxc3 1-0

[Event "Indywidualne Mistrzostwa Polski Juniorow do lat 18 - Chlopcy"]
[Site "Szklarska Poreba"]
[Date "1899-12-30"]
[Round "7.8"]
[White "Nowak, Mikolaj"]
[Black "Garbowski, Jakub"]
[Result "1-0"]
[WhiteTitle "I++"]
[BlackTitle "k"]
[WhiteElo "2254"]
[BlackElo "2151"]

1. e4 c5 2. Nf3 e6 3. d4 cxd4 4. Nxd4 Nf6 5. Nc3 d6 6. g3 Bd7 7. Bg2 Nc6 8. O-O
Be7 9. Be3 a6 10. Qe2 O-O 11. f4 Qc7 12. Nb3 Na5 13. Nxa5 Qxa5 14. g4 Bc6 15.
g5 Nd7 16. Rf3 Rfe8 17. Rh3 Qb4 18. Nd1 d5 19. c3 Qc4 20. Qh5 Nf8 21. b3 Qb5 22.
Bf1 Qa5 23. b4 Qc7 24. Nf2 g6 25. Qh6 f5 26. gxf6 Bxf6 27. e5 Bg7 28. Qh4 Bb5
29. Bc5 b6 30. Bd6 Qd8 31. Qxd8 Rexd8 32. Bc7 Bxf1 33. Rxf1 Nd7 34. Bxd8 Rxd8
35. c4 Rf8 36. cxd5 exd5 37. Nd3 Rc8 38. Rc1 Rc4 39. Re3 Nf8 40. Rf1 Ne6 41. f5
gxf5 42. Rxf5 Re4 43. Rxe4 dxe4 44. Ne1 Nd4 45. Rh5 Nc6 46. e6 Nd4 47. Rxh7 Nxe6
48. Rh4 Kf7 49. Rxe4 Ng5 50. Rc4 Kg6 51. Kg2 Kf5 52. Rc6 Bd4 53. Nf3 Nxf3 54.
Kxf3 1-0

[Event "Indywidualne Mistrzostwa Polski Juniorow do lat 18 - Chlopcy"]
[Site "Szklarska Poreba"]
[Date "1899-12-30"]
[Round "7.9"]
[White "Woloch, Oskar"]
[Black "Kokoszczynski, Jan"]
[Result "1/2-1/2"]
[WhiteTitle "k"]
[BlackTitle "k"]
[WhiteElo "2032"]
[BlackElo "2239"]

1. d4 Nf6 2. g3 e6 3. c4 d5 4. Nf3 Be7 5. Bg2 O-O 6. O-O dxc4 7. Qc2 a6 8. Qxc4
b5 9. Qc2 Bb7 10. Bd2 Be4 11. Qc1 Nbd7 12. Ba5 Bd6 13. Nbd2 Bb7 14. Qc2 Rc8 15.
e4 e5 16. Rfe1 Re8 17. Rad1 Qe7 18. dxe5 Nxe5 19. Nxe5 Qxe5 20. Bc3 Qc5 21. Nb3
Qh5 22. Bxf6 gxf6 23. Nd4 Bf8 24. Nf5 c5 25. Qd2 Bc6 26. h3 Re6 27. g4 Qg6 28.
f4 Rce8 29. Qe2 Kh8 30. Kh2 Bh6 31. Qf2 Bf8 32. b3 a5 33. Bf3 Bh6 34. Qg3 Bf8
35. Rd2 a4 36. bxa4 b4 37. Rde2 Bxa4 38. e5 fxe5 39. fxe5 Bb5 40. Re3 Bc6 41.
a3 bxa3 42. Rxa3 Bxf3 43. Rxf3 f6 1/2-1/2

[Event "Indywidualne Mistrzostwa Polski Juniorow do lat 18 - Chlopcy"]
[Site "Szklarska Poreba"]
[Date "1899-12-30"]
[Round "7.10"]
[White "Wyczling, Bartosz"]
[Black "Golenia, Jan"]
[Result "1/2-1/2"]
[WhiteTitle "k"]
[BlackTitle "I++"]
[WhiteElo "2215"]
[BlackElo "2041"]

1. d4 d6 2. c4 Nd7 3. Nc3 e5 4. d5 g6 5. e4 Bg7 6. h4 Ngf6 7. Nge2 Nc5 8. Ng3 a5
9. Be2 h5 10. Bg5 Bh6 11. Bxh6 Rxh6 12. Qd2 Ng8 13. f4 exf4 14. Qxf4 Qe7 15. O-O-O
Rh7 16. Nb5 Kd8 17. Rhf1 Nh6 18. Qf6 Qxf6 19. Rxf6 Ng4 20. Bxg4 Bxg4 21. Rdf1
Nd3+ 22. Kc2 Ne5 23. Kc3 Bd7 24. Nd4 Ke7 25. Nge2 Rhh8 26. Nc1 Rhf8 27. Nd3 Ng4
28. R6f4 c5 29. dxc6 bxc6 30. c5 dxc5 31. Nxc5 Ne5 32. Nf3 Nxf3 33. R4xf3 Bg4
34. Rf6 Rac8 35. e5 Bf5 36. Rd1 Rb8 37. Rxc6 Rfc8 38. Rdd6 Rxc6 39. Rxc6 Rb4 40.
Rc7+ Kf8 41. a3 Rxh4 42. b4 axb4+ 43. axb4 Rh1 44. b5 Rb1 45. Rb7 h4 46. b6 h3
47. gxh3 Bxh3 48. Rb8+ Ke7 49. b7 Bg2 50. Rc8 Bxb7 51. Rc7+ Ke8 52. Rxb7 Rxb7
53. Nxb7 Ke7 54. Nc5 f6 55. e6 f5 56. Kd3 g5 57. Ke3 Kd6 58. Kd4 g4 59. Ke3 g3
1/2-1/2

[Event "Indywidualne Mistrzostwa Polski Juniorow do lat 18 - Chlopcy"]
[Site "Szklarska Poreba"]
[Date "1899-12-30"]
[Round "7.11"]
[White "Sernecki, Franciszek"]
[Black "Majocha, Piotr"]
[Result "1/2-1/2"]
[WhiteTitle "I++"]
[BlackTitle "I+"]
[WhiteElo "2334"]
[BlackElo "2028"]

1. d4 Nf6 2. Nf3 g6 3. c4 Bg7 4. Nc3 d5 5. Bg5 Ne4 6. h4 Nxc3 7. bxc3 h6 8. Bf4
c5 9. e3 Nc6 10. Be2 O-O 11. Rb1 cxd4 12. exd4 b6 13. Qd2 h5 14. cxd5 Qxd5 15.
Rb5 Qd8 16. Bh6 e6 17. Bxg7 Kxg7 18. Ne5 Nxe5 19. Rxe5 Rh8 20. Bf3 Rb8 21. Rh3
Bb7 22. Qf4 Qf6 23. Qh2 Bxf3 24. Rxf3 Qe7 25. Qf4 Rbd8 26. g3 Rd7 27. Kf1 Rhd8
28. Kg2 Rd5 29. Rfe3 Rxe5 30. Qxe5+ Kg8 31. Kg1 Qd6 32. Qf6 Rd7 33. Qf3 Qd5 34.
Qxd5 1/2-1/2

[Event "Indywidualne Mistrzostwa Polski Juniorow do lat 18 - Chlopcy"]
[Site "Szklarska Poreba"]
[Date "1899-12-30"]
[Round "7.12"]
[White "Hrymowicz, Artur"]
[Black "Szpar, Milosz"]
[Result "0-1"]
[WhiteTitle "I++"]
[BlackTitle "FM"]
[WhiteElo "1991"]
[BlackElo "2311"]

1. e4 c5 2. Nf3 Nc6 3. d4 cxd4 4. Nxd4 Nf6 5. Nc3 e5 6. Ndb5 d6 7. Bg5 a6 8. Na3
b5 9. Nd5 Be7 10. Bxf6 Bxf6 11. c4 b4 12. Nc2 a5 13. Qd3 O-O 14. Rd1 Bg5 15. h4
Bxh4 16. g3 Bg5 17. f4 Bh6 18. f5 Bg5 19. Kf2 Bb7 20. Bg2 Nb8 21. Rh5 Nd7 22.
Nce3 h6 23. Bf3 Rc8 24. b3 Nc5 25. Qc2 a4 26. Rhh1 Ra8 27. Rb1 axb3 28. axb3 Ra3
29. Kg2 f6 30. Rhd1 Bxe3 31. Nxe3 Qa8 32. Nd5 Bxd5 33. Rxd5 Ra2 34. Rb2 Rxb2 35.
Qxb2 Qa3 36. Qb1 Rb8 37. Bd1 Rb6 38. Rd2 Ra6 39. Kf3 Kf8 40. Ke3 Ke7 41. Rb2 Ra8
42. Qc2 Qa7 43. Kf3 Qb7 44. Qe2 Ra3 45. Qc2 Na4 46. Ra2 Rxa2 47. Qxa2 Qxe4+ 48.
Kxe4 Nc3+ 49. Kd3 Nxa2 50. Bf3 Nc3 51. Bc6 Kd8 52. c5 Kc7 0-1

[Event "Indywidualne Mistrzostwa Polski Juniorow do lat 18 - Chlopcy"]
[Site "Szklarska Poreba"]
[Date "1899-12-30"]
[Round "7.13"]
[White "Polczyk, Mikolaj"]
[Black "Jordan, Adam"]
[Result "1/2-1/2"]
[WhiteTitle "k"]
[BlackTitle "I"]
[WhiteElo "2131"]
[BlackElo "1842"]

1. d4 Nf6 2. c4 e6 3. Nc3 b6 4. Nf3 Bb7 5. g3 d5 6. cxd5 Nxd5 7. Bg2 Be7 8. O-O
O-O 9. a3 Nd7 10. Qc2 Nxc3 11. bxc3 Nf6 12. Bg5 Qc8 13. Ne5 Bxg2 14. Kxg2 c5 15.
Qa4 Re8 16. Qc6 h6 17. Bxf6 gxf6 18. Qxc8 Raxc8 19. Ng4 cxd4 20. cxd4 Rc2 21.
Nxh6+ Kg7 22. Ng4 Rxe2 23. Rfd1 Re4 24. Ne3 Rd8 25. d5 exd5 26. Nxd5 Bc5 27. Kf3
Ra4 28. Rd3 Rc4 29. Ra2 Ra4 30. Ke2 Re4+ 1/2-1/2

[Event "Indywidualne Mistrzostwa Polski Juniorow do lat 18 - Chlopcy"]
[Site "Szklarska Poreba"]
[Date "1899-12-30"]
[Round "7.14"]
[White "Wierzbicki, Michal"]
[Black "Lis, Mateusz"]
[Result "0-1"]
[WhiteTitle "I+"]
[BlackTitle "k"]
[WhiteElo "1919"]
[BlackElo "2156"]

1. d4 d5 2. Nf3 Nf6 3. c4 e6 4. cxd5 exd5 5. Nc3 Bb4 6. Bg5 h6 7. Bh4 c5 8. e3
c4 9. Qa4+ Nc6 10. Ne5 g5 11. Bg3 Bd7 12. Nxc6 Bxc3+ 13. bxc3 Bxc6 14. Qa3 Ne4
15. Be2 h5 16. Be5 f6 17. f3 Nxc3 18. Qxc3 fxe5 19. dxe5 Qe7 20. Qd4 a6 21. f4
gxf4 22. exf4 Qh4+ 23. g3 Qh3 24. Bf1 Qg4 25. Kf2 O-O-O 26. h4 Qg6 27. Bh3+ Bd7
28. Bxd7+ Rxd7 29. e6 Rg7 30. Rhg1 Qc2+ 31. Kf3 Rhg8 32. Rg2 Qf5 33. Re1 Qh3 34.
e7 Rxg3+ 35. Rxg3 Rxg3+ 36. Ke2 Rg2+ 37. Kd1 Qf3+ 38. Kc1 Qa3+ 39. Kd1 Qa4+ 40.
Kc1 Qc2# 0-1

[Event "Indywidualne Mistrzostwa Polski Juniorow do lat 18 - Chlopcy"]
[Site "Szklarska Poreba"]
[Date "1899-12-30"]
[Round "7.15"]
[White "Jarzebowski, Kacper"]
[Black "Kawalko, Adam"]
[Result "1/2-1/2"]
[WhiteTitle "I++"]
[BlackTitle "I+"]
[WhiteElo "2079"]
[BlackElo "1876"]

1. c4 Nf6 2. Nc3 c5 3. g3 e6 4. Bg2 Be7 5. Nf3 O-O 6. O-O a6 7. d3 Qc7 8. a3 b6
9. Bf4 d6 10. b4 Bb7 11. Qb3 Nbd7 12. Rab1 Rab8 13. Rfc1 Rfc8 14. h3 h6 15. e4
Ne5 16. Nxe5 dxe5 17. Be3 Rd8 18. Bf1 Nh7 19. Na4 Bc6 20. h4 Nf6 21. Be2 Nd7 22.
Rb2 Ba8 23. Qc2 Rdc8 24. Rcb1 f5 25. bxc5 bxc5 26. Rxb8 Rxb8 27. Rxb8+ Nxb8 28.
Nc3 f4 29. Bd2 g5 30. hxg5 hxg5 31. Bg4 Qd6 32. Kg2 Kf7 33. Ne2 Nd7 34. Bh5+ Kg7
35. Bc3 Kh6 36. Bf3 Nf6 37. Kh3 Qb8 38. Qb2 Qxb2 39. Bxb2 Bd6 40. gxf4 gxf4 41.
Nxf4 Nxe4 42. Bxe4 Bxe4 43. dxe4 exf4 44. Kg4 Kg6 45. e5 Be7 46. Kxf4 Bh4 47.
f3 Be7 48. Bc3 Bd8 49. Be1 Bc7 50. Bh4 Kf7 51. a4 Bb6 52. Ke4 a5 53. Bg5 Bc7 54.
f4 Bb6 55. f5 Bc7 56. Bh6 Bb8 57. Be3 Ba7 58. Bd2 Bb6 59. Be3 Ba7 60. Bh6 Bb8
61. fxe6+ Kxe6 62. Bg7 Bc7 63. Bf6 Bb6 64. Bg5 Bc7 65. Bf6 Bb6 66. Bg7 Bc7 67.
Bf8 Bxe5 68. Bxc5 Bc3 69. Bd4 Bb4 70. Be5 Bc5 71. Bf4 Bb6 72. Be3 Bd8 73. c5 Be7
74. Kd4 Kd7 75. Kd5 Bxc5 76. Bxc5 Kc7 77. Ke4 1/2-1/2

[Event "Indywidualne Mistrzostwa Polski Juniorow do lat 18 - Chlopcy"]
[Site "Szklarska Poreba"]
[Date "1899-12-30"]
[Round "7.16"]
[White "Ochowicz, Jakub"]
[Black "Kukula, Karol"]
[Result "1/2-1/2"]
[WhiteTitle "I++"]
[BlackTitle "I"]
[WhiteElo "1988"]
[BlackElo "1785"]

1. e4 c5 2. Nf3 d6 3. d4 cxd4 4. Nxd4 Nf6 5. Nc3 g6 6. Be3 Bg7 7. f3 Nc6 8. Qd2
O-O 9. g4 Be6 10. O-O-O Ne5 11. h4 d5 12. Qh2 Nc6 13. h5 Qd6 14. Bf4 Qb4 15. a3
Qa5 16. Bc7 Qc5 17. Na4 Qxd4 18. Rxd4 Nxd4 19. hxg6 fxg6 20. Bg2 dxe4 21. g5 Nh5
22. fxe4 Rf2 23. Rf1 Raf8 24. Rxf2 Rxf2 25. Ba5 Ne2+ 26. Kb1 Nhf4 27. Be1 Rxg2
28. Qh4 Bd4 29. Nc3 Rg4 30. Qh2 Rg2 31. Qh4 Rg4 32. Qh2 Rg2 33. Qh4 1/2-1/2